000 00488nam a2200193Ia 4500
008 151119s9999||||xx |||||||||||||| ||und||
082 _a923.254
082 _bGKKV12145
100 _aपंडित नलिनी
245 _aआबेडकर
260 _a--
260 _b--
260 _c0
600 _aपंडित नलिनी
630 _aआबेडकर
700 _aपंडित नलिनी
730 _aआबेडकर
942 _cBOOK
999 _c1066032
_d1066029